<Le> mobile et la planete ou l'enjeu des ressources naturelles

Gespeichert in:
Bibliographische Detailangaben
1. Verfasser: Bourrelier, Paul-Henri
Weitere Verfasser: Diethrich, Robert
Format: Buch
Sprache:Französisch
Veröffentlicht: Paris Economica 1989
Schlagworte:
Tags: Tag hinzufügen
Keine Tags, Fügen Sie das erste Tag hinzu!

MARC

LEADER 00000nam$a2200000$$$4500
001 0112998
005 20221207103827.9
020 |a 2-7178-1700-X 
041 0 |a fre 
044 |a FR 
245 1 0 |a <Le> mobile et la planete ou l'enjeu des ressources naturelles  |c Paul-Henri Bourrelier, Robert Diethrich 
264 1 |a Paris  |b Economica  |c 1989 
300 |a 627 s. 
610 2 0 |a zdroje prírodné 
610 2 0 |a demografia 
610 2 0 |a spotreba 
610 2 0 |a energia 
610 2 0 |a biosféra 
610 2 0 |a ochrana prírody 
610 2 0 |a pokrok technický 
100 1 |a Bourrelier, Paul-Henri 
700 1 |a Diethrich, Robert